FIFTEEN MINUTE TALES (Record no. 7694)
[ view plain ]
| 000 -LEADER | |
|---|---|
| fixed length control field | 00195nam a22000977a 4500 |
| 082 ## - DEWEY DECIMAL CLASSIFICATION NUMBER | |
| Classification number | 823 |
| Item number | BLY/F |
| 100 ## - MAIN ENTRY--AUTHOR NAME | |
| Personal name | BLYTON, ENID |
| 245 ## - TITLE STATEMENT | |
| Title | FIFTEEN MINUTE TALES |
| 650 ## - SUBJECT ADDED ENTRY--TOPICAL TERM | |
| Topical Term | ENGLISH STORY |
| 942 ## - ADDED ENTRY ELEMENTS (KOHA) | |
| Koha item type | Books |
| Withdrawn status | Lost status | Collection code | Home library | Current library | Date acquired | Full call number | Accession Number | Koha item type |
|---|---|---|---|---|---|---|---|---|
| Withdrawn | Damaged Item | Fiction | Main Library | Main Library | 04/04/2016 | 823 BLY/F | 01795 | Books |